Psychological aspects of the care of hospitalized patients / (Record no. 849)

MARC details
000 -LEADER
fixed length control field 00874nam a2200289 a 4500
005 - DATE AND TIME OF LATEST TRANSACTION
control field 20260322212036.0
008 - FIXED-LENGTH DATA ELEMENTS--GENERAL INFORMATION
fixed length control field data
010 ## - LIBRARY OF CONGRESS CONTROL NUMBER
LC control number 83020972
020 ## - INTERNATIONAL STANDARD BOOK NUMBER
International Standard Book Number 0803674732 (pbk.)
020 ## - INTERNATIONAL STANDARD BOOK NUMBER
International Standard Book Number 9780803674738 (pbk.)
040 ## - CATALOGING SOURCE
Modifying agency CStRLIN
050 1# - LIBRARY OF CONGRESS CALL NUMBER
Classification number RT86.3
Item number .R63 1984
060 ## - NATIONAL LIBRARY OF MEDICINE CALL NUMBER
Classification number WY 87 R662p
096 ## - LOCALLY ASSIGNED NLM-TYPE CALL NUMBER (OCLC)
Classification number WY 87 R662p 1984
001 - CONTROL NUMBER
control field data
100 1# - MAIN ENTRY--PERSONAL NAME
Personal name Robinson, Lisa,
Titles and words associated with a name R.N.
245 10 - TITLE STATEMENT
Title Psychological aspects of the care of hospitalized patients /
Statement of responsibility, etc. Lisa Robinson.
250 ## - EDITION STATEMENT
Edition statement Ed. 4.
260 0# - PUBLICATION, DISTRIBUTION, ETC.
Place of publication, distribution, etc. Philadelphia :
Name of publisher, distributor, etc. F.A. Davis Co.,
Date of publication, distribution, etc. c1984.
300 ## - PHYSICAL DESCRIPTION
Extent xvii, 152 p. :
Other physical details ill. ;
Dimensions 20 cm.
504 ## - BIBLIOGRAPHY, ETC. NOTE
Bibliography, etc. note Includes bibliographical references and index.
590 ## - LOCAL NOTE (RLIN)
Local note Includes bibliographies and index.
650 #0 - SUBJECT ADDED ENTRY--TOPICAL TERM
Topical term or geographic name entry element Nurse and patient.
650 #0 - SUBJECT ADDED ENTRY--TOPICAL TERM
Topical term or geographic name entry element Nursing
General subdivision Psychological aspects.
650 #0 - SUBJECT ADDED ENTRY--TOPICAL TERM
Topical term or geographic name entry element Hospital patients
General subdivision Psychology.
650 #2 - SUBJECT ADDED ENTRY--TOPICAL TERM
Topical term or geographic name entry element Nurse-Patient Relations.
Holdings
Withdrawn status Lost status Damaged status Not for loan Home library Current library Shelving location Date acquired Total checkouts Full call number Barcode Date last seen Price effective from Koha item type
        Franklin Franklin General stacks 22/03/2026   RT86.3 .R63 1984 BC0010874 22/03/2026 22/03/2026 Books